000 01130cam a2200313 a 4500
999 _c18515
_d18515
001 589899
003 BDDh-ASL
005 20231015025718.0
008 900830s1990 enkb b 001 0 eng c
010 _a 90190778
020 _a0297797204 :
_c£20.00
020 _a0297797212 (pbk.)
040 _aMH
_cMH
_dBDDh-ASL
043 _aa-ja---
050 0 0 _aDS881
_b.B43 1990b
082 0 0 _a952
_220
_bBEM
100 1 _aBeasley, W. G.
_q(William G.),
_d1919-2006.
245 1 4 _aThe rise of modern Japan /
_cby W.G. Beasley.
260 _aLondon :
_bWeidenfeld and Nicolson,
_cc1990.
300 _avii, 306 p. :
_bmaps ;
_c23 cm.
500 _aBased in part on the author's The modern history of Japan.
504 _aIncludes bibliographical references (p. 284-289) and index.
651 0 _aJapan
_xHistory
_y19th century.
651 0 _aJapan
_xHistory
_y1868-
700 1 _aBeasley, W. G.
_q(William G.),
_d1919-2006.
_tModern history of Japan.
856 4 2 _3Contributor biographical information
_uhttp://www.loc.gov/catdir/bios/orion051/90190778.html
906 _a7
_bcbc
_corignew
_du
_encip
_f19
_gy-gencatlg
942 _2ddc
_cBK